[Event "4NCL/Div2d/WES1 vs. GUI3"]
[Site "Sunningdale ENG"]
[Date "2010.05.03"]
[Round "11.4"]
[White "Gibbs, Daniel C"]
[Black "Rutter, Nick J"]
[Result "0-1"]
[WhiteElo "1858"]
[BlackElo "2189"]
[PlyCount "112"]
[EventDate "2010.05.03"]
[SourceDate "2009.10.24"]

1. d4 d5 2. c4 e6 3. Nc3 c6 4. Nf3 Nf6 5. cxd5 exd5 6. Bg5 Be7 7. Qc2 g6 8. e3
Bf5 9. Qd1 Nbd7 10. h3 O-O 11. g4 Be4 12. Bf4 Qb6 13. Nxe4 Nxe4 14. Bd3 Qxb2
15. Bxe4 dxe4 16. Ne5 Nxe5 17. Bxe5 Qb5 18. a3 Bxa3 19. Qe2 Bb4+ 20. Kf1 Qxe2+
21. Kxe2 f6 22. Bg3 a5 23. h4 Rac8 24. g5 fxg5 25. h5 Kf7 26. hxg6+ Kxg6 27.
Rag1 c5 28. d5 Rcd8 29. d6 c4 30. Rd1 c3 31. Rd4 c2 32. Rc1 Bc5 33. Rxe4 Bxd6
34. Rxc2 Bxg3 35. fxg3 Rfe8 36. Ra4 Re5 37. Rc7 Rde8 38. Rxb7 Rxe3+ 39. Kf2
Re2+ 40. Kf1 R2e5 41. Ra7 Rf8+ 42. Kg2 Re2+ 43. Kg1 Rb8 44. Kf1 Rc2 45. Ra6+
Kh5 46. Ra1 Rf8+ 47. Kg1 Rf3 48. R6xa5 Rxg3+ 49. Kh1 Kh4 50. R5a4+ g4 51. R1a2
Rc1+ 52. Kh2 Rgg1 53. Rd2 Rh1+ 54. Kg2 Rcg1+ 55. Kf2 Rh2+ 56. Kxg1 Rxd2 0-1

[Event "4NCL/Div2d/WES1 vs. GUI3"]
[Site "Sunningdale ENG"]
[Date "2010.05.03"]
[Round "11.5"]
[White "Kawuma, Steven Male"]
[Black "Armour, Philip"]
[Result "1-0"]
[WhiteElo "2202"]
[BlackElo "1850"]
[PlyCount "99"]
[EventDate "2010.05.03"]
[SourceDate "2009.10.24"]

1. e4 Nf6 2. e5 Nd5 3. d4 d6 4. Nf3 dxe5 5. dxe5 Bg4 6. h3 Bxf3 7. Qxf3 Nc6 8.
Bb5 e6 9. O-O Bc5 10. c4 Nde7 11. Rd1 Qb8 12. Be3 Bxe3 13. Qxe3 O-O 14. Nc3 Rd8
15. Ba4 a6 16. g4 Qa7 17. c5 Rxd1+ 18. Rxd1 Rd8 19. Rxd8+ Nxd8 20. Qd3 Ndc6 21.
Ne4 Qb8 22. f4 Qd8 23. Qxd8+ Nxd8 24. Kf2 Ndc6 25. Nd6 Nd8 26. Nc4 Ndc6 27. Kf3
h6 28. Ke4 f6 29. f5 fxe5 30. fxe6 Nd8 31. Nxe5 g6 32. Bb3 Kg7 33. h4 Kf6 34.
Nd7+ Kg7 35. Bc4 Ndc6 36. a3 Nd8 37. b4 Ndc6 38. Ba2 Nd8 39. a4 a5 40. b5 Ng8
41. Ke5 Ne7 42. Bb1 Nc8 43. Nf6 c6 44. b6 Ne7 45. Be4 g5 46. hxg5 hxg5 47. Nh5+
Kf8 48. Kd6 Ke8 49. Nf6+ Kf8 50. Kd7 1-0

[Event "4NCL/Div2d/WES1 vs. GUI3"]
[Site "Sunningdale ENG"]
[Date "2010.05.03"]
[Round "11.6"]
[White "Waldock, Adrian DP"]
[Black "de Coverly, Roger D"]
[Result "0-1"]
[WhiteElo "1850"]
[BlackElo "2119"]
[PlyCount "80"]
[EventDate "2010.05.03"]
[SourceDate "2009.10.24"]

1. Nf3 Nf6 2. d4 g6 3. c4 Bg7 4. Nc3 O-O 5. g3 d6 6. Bg2 Nc6 7. O-O Rb8 8. e4
Bg4 9. Be3 a6 10. a4 Re8 11. h3 Bxf3 12. Bxf3 e5 13. d5 Nd4 14. Bg2 c5 15. a5
Nd7 16. Kh2 f5 17. f4 fxe4 18. Nxe4 Nf5 19. Bc1 exf4 20. gxf4 b5 21. axb6 Rxb6
22. Ra2 Qb8 23. Rf2 Qb7 24. Ng5 Nd4 25. Ne6 Nf8 26. Nxg7 Qxg7 27. Bd2 Qb7 28.
Bc3 Nf5 29. Qd2 Qe7 30. b4 Qh4 31. Rf3 Nd7 32. bxc5 Nxc5 33. Ba1 Qe1 34. Bc3
Qxd2 35. Rxd2 Kf7 36. Ba5 Rb7 37. Ra3 Ne3 38. Rc3 Nb3 39. Ra2 Nxa5 40. Rxa5 Rb2
0-1

[Event "4NCL/Div2d/WES1 vs. GUI3"]
[Site "Sunningdale ENG"]
[Date "2010.05.03"]
[Round "11.7"]
[White "Marsh, Roger DW"]
[Black "Harford, Alun"]
[Result "1-0"]
[WhiteElo "2067"]
[BlackElo "1746"]
[PlyCount "87"]
[EventDate "2010.05.03"]
[SourceDate "2009.10.24"]

1. d4 g6 2. c4 Bg7 3. Nc3 c5 4. d5 d6 5. g3 Bf5 6. Bh3 Qd7 7. Bxf5 Qxf5 8. Bd2
Nf6 9. Qb1 Qd7 10. Qd3 O-O 11. Nf3 Na6 12. a3 Nc7 13. O-O a6 14. a4 b5 15. axb5
axb5 16. cxb5 Rfb8 17. Ra3 Nfe8 18. Rb1 Rxa3 19. bxa3 Bxc3 20. Bxc3 Nxb5 21. a4
Nec7 22. axb5 Rxb5 23. Rxb5 Qxb5 24. Qxb5 Nxb5 25. Ba5 f5 26. Kf1 h6 27. Ke1
Kf7 28. Kd2 g5 29. Kd3 g4 30. Nd2 e6 31. e4 Nd4 32. Bc3 Nb5 33. Bb2 fxe4+ 34.
Kxe4 exd5+ 35. Kxd5 Ke7 36. Ne4 Nc7+ 37. Kc6 Ne8 38. Ba3 Ke6 39. Bb2 c4 40. Bd4
Ke7 41. Nd2 Nf6 42. Bxf6+ Kxf6 43. Kd5 c3 44. Ne4+ 1-0

[Event "4NCL/Div2d/WES1 vs. GUI3"]
[Site "Sunningdale ENG"]
[Date "2010.05.03"]
[Round "11.8"]
[White "Ward, Matthew J"]
[Black "Norman, Dinah M"]
[Result "1/2-1/2"]
[WhiteElo "1705"]
[BlackElo "1932"]
[PlyCount "67"]
[EventDate "2010.05.03"]
[SourceDate "2009.10.24"]

1. d4 d5 2. Nf3 Nf6 3. c4 c6 4. Nc3 e6 5. Bg5 Be7 6. e3 Nbd7 7. cxd5 exd5 8.
Bd3 O-O 9. O-O Re8 10. Qc2 Nf8 11. h3 Bd7 12. Rad1 Qc8 13. Ne5 Nh5 14. Bxe7
Rxe7 15. Nxd7 Qxd7 16. Na4 Nf6 17. b4 Qd6 18. Rb1 a6 19. Nc5 Rae8 20. a4 Ne4
21. b5 axb5 22. axb5 Nxc5 23. dxc5 Qe5 24. Rb4 Ra8 25. e4 dxe4 26. Rxe4 Qf6 27.
Rfe1 Rxe4 28. Rxe4 cxb5 29. Bxb5 Ne6 30. c6 bxc6 31. Qxc6 Qd8 32. Qd7 Qxd7 33.
Bxd7 Nc5 34. Re8+ 1/2-1/2

[Event "4NCL/Div2d/ANGA vs. FCA1"]
[Site "Sunningdale ENG"]
[Date "2010.05.03"]
[Round "11.1"]
[White "Munson, Shaun D"]
[Black "Almond, Richard J"]
[Result "1-0"]
[WhiteElo "2172"]
[BlackElo "2151"]
[PlyCount "81"]
[EventDate "2010.05.03"]
[SourceDate "2009.10.24"]

1. d4 d5 2. Bg5 h6 3. Bh4 c6 4. Nc3 Qb6 5. Rb1 Bf5 6. e3 Nd7 7. Nf3 e6 8. Bd3
Bxd3 9. cxd3 Ne7 10. Bg3 Nf5 11. Bf4 Bd6 12. Bxd6 Nxd6 13. O-O O-O 14. b4 Rfc8
15. Qb3 Qd8 16. Rfc1 b6 17. Na4 Nb7 18. Qb2 Rab8 19. h3 Qe7 20. a3 Qd6 21. Rc2
Rc7 22. Rbc1 Rbc8 23. e4 Nf8 24. Ne5 Nd8 25. Qc3 Nh7 26. Nf3 Nb7 27. Qb3 Ng5
28. Nxg5 hxg5 29. e5 Qe7 30. Nc3 g4 31. hxg4 Kh7 32. g3 f6 33. Kg2 Kg6 34. Ne2
Rh8 35. Rxc6 Rxc6 36. Rxc6 Nd8 37. Rc1 Nf7 38. Nf4+ Kh7 39. Re1 fxe5 40. dxe5
Kg8 41. Ng6 1-0

[Event "4NCL/Div2d/ANGA vs. FCA1"]
[Site "Sunningdale ENG"]
[Date "2010.05.03"]
[Round "11.2"]
[White "Macdonald-Ross, Michael"]
[Black "Talsma, Paul A"]
[Result "0-1"]
[WhiteElo "2172"]
[BlackElo "2246"]
[PlyCount "36"]
[EventDate "2010.05.03"]
[SourceDate "2009.10.24"]

1. d4 f5 2. Nc3 Nf6 3. Bg5 d5 4. Bxf6 exf6 5. e3 Be6 6. Bd3 Nc6 7. a3 Qd7 8.
Qf3 Ne7 9. Nh3 g6 10. Nf4 Bf7 11. g3 c6 12. b4 Nc8 13. b5 Nd6 14. bxc6 bxc6 15.
Rb1 Be7 16. Rb3 Ne4 17. Ke2 Kf8 18. Rhb1 g5 0-1

[Event "4NCL/Div2d/ANGA vs. FCA1"]
[Site "Sunningdale ENG"]
[Date "2010.05.03"]
[Round "11.3"]
[White "Player, Edmund C"]
[Black "Smith, Graham M"]
[Result "1/2-1/2"]
[WhiteElo "2156"]
[BlackElo "2106"]
[PlyCount "139"]
[EventDate "2010.05.03"]
[SourceDate "2009.10.24"]

1. e4 c5 2. Nc3 e6 3. g3 Nc6 4. Bg2 g6 5. d3 Bg7 6. Be3 d6 7. Qd2 Qa5 8. Nh3
Nd4 9. O-O h5 10. Kh1 Ne7 11. f3 Bd7 12. Rf2 Nec6 13. Qc1 Ne5 14. Ng1 O-O-O 15.
Bf1 Kb8 16. h3 f5 17. Nd1 Rc8 18. c3 Ndc6 19. Qd2 d5 20. exd5 exd5 21. Bg5 d4
22. c4 Qxd2 23. Rxd2 Nf7 24. Bf4+ Be5 25. Bxe5+ Ncxe5 26. f4 Bc6+ 27. Bg2 Bxg2+
28. Kxg2 Nc6 29. Nf3 Rce8 30. Kf2 Re7 31. Nh4 Re6 32. Re2 Rhe8 33. Rxe6 Rxe6
34. a3 a5 35. Rc1 g5 36. Nf3 g4 37. hxg4 hxg4 38. Nh4 Nd6 39. b3 Ka7 40. Nb2 b6
41. Ng2 Rh6 42. Re1 Kb7 43. Nh4 Kc7 44. Na4 Kb7 45. Re2 Kc7 46. Kg1 Kb7 47. Ng2
Kc7 48. Ne1 Kb7 49. Nc2 Kc7 50. Re1 Kb7 51. Rb1 Ka6 52. Ra1 Kb7 53. Re1 Ka7 54.
Kg2 Kb7 55. Rb1 Re6 56. Kf2 Rh6 57. Kg1 Ka6 58. Nb2 Re6 59. Kf2 Rh6 60. Kg2 Re6
61. Kf1 Rh6 62. Ne1 b5 63. cxb5+ Nxb5 64. Nc2 Nc3 65. Re1 Nd5 66. Re8 Nce7 67.
Ra8+ Kb6 68. Rb8+ Kc6 69. Ra8 Kb6 70. Rb8+ 1/2-1/2

[Event "4NCL/Div2d/ANGA vs. FCA1"]
[Site "Sunningdale ENG"]
[Date "2010.05.03"]
[Round "11.4"]
[White "Reuben, Stewart"]
[Black "Gregory, Stephen J"]
[Result "0-1"]
[WhiteElo "2152"]
[BlackElo "2115"]
[PlyCount "84"]
[EventDate "2010.05.03"]
[SourceDate "2009.10.24"]

1. c4 Nf6 2. g3 e5 3. Bg2 d6 4. Nc3 g6 5. e3 Bg7 6. Nge2 O-O 7. d4 Nbd7 8. O-O
Re8 9. b3 a6 10. Bb2 Rb8 11. Rc1 c6 12. Qd2 e4 13. Qc2 d5 14. cxd5 cxd5 15. Na4
Nf8 16. Qc7 Bg4 17. Qxd8 Rexd8 18. Nec3 b6 19. Rfe1 h5 20. Bf1 Bc8 21. Ba3 Ne6
22. Be7 Rd7 23. Bxf6 Bxf6 24. Nb1 Rd6 25. Rc2 Bd7 26. Rec1 h4 27. Nd2 Kg7 28.
Nb2 hxg3 29. fxg3 b5 30. b4 Ng5 31. Be2 Rh8 32. Rc7 Bd8 33. R7c2 Rf6 34. Rf1
Nh3+ 35. Kg2 Nf2 36. Rxf2 Rxh2+ 37. Kxh2 Rxf2+ 38. Kg1 Rxe2 39. Kf1 Rxe3 40.
Kf2 Ra3 41. Nd1 Bg4 42. Ne3 Rxe3 0-1

[Event "4NCL/Div2d/ANGA vs. FCA1"]
[Site "Sunningdale ENG"]
[Date "2010.05.03"]
[Round "11.5"]
[White "Merry, Alan B"]
[Black "Brown, Alan M"]
[Result "0-1"]
[WhiteElo "2074"]
[BlackElo "2118"]
[PlyCount "106"]
[EventDate "2010.05.03"]
[SourceDate "2009.10.24"]

1. e4 e6 2. d4 d5 3. Nd2 Nf6 4. e5 Nfd7 5. c3 c5 6. Bd3 b6 7. Qe2 Nc6 8. Ngf3
cxd4 9. cxd4 Nb4 10. O-O Nxd3 11. Qxd3 a5 12. Re1 Ba6 13. Qb1 Be7 14. Nf1 O-O
15. Ng3 Rc8 16. Bd2 Re8 17. Re3 Nf8 18. Qd1 Ng6 19. Nh5 Rc6 20. Rc1 Rxc1 21.
Qxc1 Qd7 22. Ne1 Rc8 23. Rc3 Rxc3 24. Bxc3 Qa4 25. a3 Qc4 26. Nc2 Qc7 27. Ne3
b5 28. Qa1 Nf8 29. Nc2 Nd7 30. Qe1 Bd8 31. h3 g6 32. Nf4 Nb8 33. Nd3 b4 34.
Ncxb4 axb4 35. Nxb4 Bc4 36. Qd1 Bb5 37. a4 Bc4 38. b3 Ba6 39. Qd2 Be7 40. Nd3
Bxd3 41. Qxd3 Qc6 42. Ba5 Qc1+ 43. Kh2 Nc6 44. Bc3 Nb4 45. Bxb4 Bxb4 46. h4 Qc3
47. Qb5 Qxd4 48. a5 Qxe5+ 49. g3 Qe1 50. Qb8+ Kg7 51. a6 Qxf2+ 52. Kh3 Bc5 53.
h5 Qf1+ 0-1

[Event "4NCL/Div2d/ANGA vs. FCA1"]
[Site "Sunningdale ENG"]
[Date "2010.05.03"]
[Round "11.6"]
[White "Habershon, Paul F"]
[Black "Cook, Michael P"]
[Result "1/2-1/2"]
[WhiteElo "2089"]
[BlackElo "2073"]
[PlyCount "26"]
[EventDate "2010.05.03"]
[SourceDate "2009.10.24"]

1. e4 e5 2. Nf3 Nc6 3. d4 exd4 4. Nxd4 Bb4+ 5. c3 Be7 6. Be3 Nf6 7. f3 O-O 8.
c4 Re8 9. Nc3 Bb4 10. Qd2 Nxd4 11. Qxd4 d6 12. O-O-O Bc5 13. Qd2 Bxe3 1/2-1/2

[Event "4NCL/Div2d/ANGA vs. FCA1"]
[Site "Sunningdale ENG"]
[Date "2010.05.03"]
[Round "11.7"]
[White "Gray, Mark S"]
[Black "Freeman, Richard CP"]
[Result "1/2-1/2"]
[WhiteElo "2089"]
[BlackElo "2061"]
[PlyCount "67"]
[EventDate "2010.05.03"]
[SourceDate "2009.10.24"]

1. e4 c5 2. Nc3 Nc6 3. f4 g6 4. Nf3 Bg7 5. Bb5 Nd4 6. Nxd4 cxd4 7. Ne2 Qb6 8.
Bc4 e6 9. c3 Ne7 10. Nxd4 Bxd4 11. cxd4 Qxd4 12. Qe2 O-O 13. d3 d5 14. Be3 Qg7
15. Bb3 dxe4 16. dxe4 Bd7 17. Rd1 Bc6 18. Bd4 Qh6 19. Bf6 Nc8 20. O-O Nb6 21.
Rf3 Nd7 22. Bg5 Qg7 23. Rh3 Rfe8 24. Bh6 Qf6 25. Bg5 Qg7 26. e5 f6 27. exf6 Qf7
28. f5 Bd5 29. fxe6 Bxe6 30. Bxe6 Rxe6 31. Qf2 b6 32. Rhd3 Nxf6 33. Rf3 Rf8 34.
Bxf6 1/2-1/2

[Event "4NCL/Div2d/ANGA vs. FCA1"]
[Site "Sunningdale ENG"]
[Date "2010.05.03"]
[Round "11.8"]
[White "Evans, Helen I"]
[Black "Wallis, Ian J"]
[Result "0-1"]
[WhiteElo "1626"]
[BlackElo "1982"]
[PlyCount "74"]
[EventDate "2010.05.03"]
[SourceDate "2009.10.24"]

1. e4 g6 2. Nc3 d6 3. f4 Bg7 4. Nf3 e6 5. d4 Ne7 6. Be3 a6 7. Bd3 Nd7 8. Qd2
Nf6 9. h3 b5 10. Ne2 Bb7 11. Ng3 h5 12. Nh4 d5 13. e5 Ne4 14. Nxe4 dxe4 15. Be2
Nd5 16. g3 Nxf4 17. gxf4 Qxh4+ 18. Kd1 Qd8 19. Qb4 Bf8 20. Qa5 c6 21. Qd2 Be7
22. c4 Qd7 23. c5 a5 24. Ke1 Bh4+ 25. Bf2 Qd8 26. Qe3 Bxf2+ 27. Qxf2 Qd5 28.
Qe3 Rd8 29. Rd1 Qxa2 30. Qxe4 Qxb2 31. Rd2 Qb3 32. Kf2 Qd5 33. Kf3 Qxe4+ 34.
Kxe4 Ke7 35. Rg1 Ra8 36. Bf3 Kd7 37. Kd3 b4 0-1

[Event "4NCL/Div3/WES2 vs. BRI2"]
[Site "Daventry ENG"]
[Date "2009.10.24"]
[Round "1.1"]
[White "Pleasants, Allan J"]
[Black "Ponter, Ian P"]
[Result "1-0"]
[WhiteElo "2079"]
[BlackElo "2046"]
[PlyCount "93"]
[EventDate "2009.10.24"]
[SourceDate "2009.10.24"]

1. Nf3 Nf6 2. c4 e6 3. g3 d5 4. Bg2 Be7 5. O-O O-O 6. cxd5 exd5 7. b3 h6 8. Bb2
Bf5 9. d3 Nc6 10. Nbd2 Qd7 11. Re1 Rfd8 12. a3 Rac8 13. Qc2 d4 14. Nc4 Qe6 15.
b4 a6 16. Rac1 Bh3 17. Ncd2 Bxg2 18. Kxg2 Ng4 19. Nb3 Nge5 20. Nbxd4 Nxd4 21.
Bxd4 Nxf3 22. exf3 Qd7 23. Bb2 Bd6 24. Re4 Re8 25. Rce1 Re7 26. Qc3 f6 27. Qc4+
Kf8 28. Qd5 Rxe4 29. fxe4 c6 30. Qb3 Rd8 31. d4 Bc7 32. Rd1 Qe7 33. Qf3 Kg8 34.
Qf5 Kh8 35. Rd2 Re8 36. Re2 Qd8 37. h4 Qd6 38. Qf3 Qd8 39. e5 fxe5 40. dxe5 Rf8
41. Qe4 Qe7 42. e6 Bb6 43. Qg6 Kg8 44. f4 Rd8 45. f5 Rd1 46. f6 Rg1+ 47. Kh2
1-0

[Event "4NCL/Div3/WES2 vs. BRI2"]
[Site "Daventry ENG"]
[Date "2009.10.24"]
[Round "1.2"]
[White "Humphreys, Jerry G"]
[Black "Tunks, Dominic"]
[Result "0-1"]
[WhiteElo "2082"]
[BlackElo "2076"]
[PlyCount "40"]
[EventDate "2009.10.24"]
[SourceDate "2009.10.24"]

1. e4 c5 2. Nf3 d6 3. d4 cxd4 4. Nxd4 Nf6 5. Nc3 Nc6 6. Be2 g6 7. Be3 Bg7 8.
O-O O-O 9. Nb3 a5 10. f4 a4 11. Nd2 a3 12. b3 Ng4 13. Bxg4 Bxc3 14. Bxc8 Qxc8
15. Rb1 b5 16. Qe2 Nb4 17. Qxb5 Qa6 18. Qg5 Nxa2 19. Ra1 Nb4 20. Nc4 a2 0-1

[Event "4NCL/Div3/WES2 vs. BRI2"]
[Site "Daventry ENG"]
[Date "2009.10.24"]
[Round "1.3"]
[White "Marsh, Roger DW"]
[Black "Stewart, Joseph"]
[Result "1/2-1/2"]
[WhiteElo "2074"]
[BlackElo "1994"]
[PlyCount "78"]
[EventDate "2009.10.24"]
[SourceDate "2009.10.24"]

1. d4 g6 2. c4 Bg7 3. Nc3 d6 4. e4 Nc6 5. Be3 e5 6. d5 Nd4 7. Nge2 Nxe2 8. Bxe2
f5 9. f3 Nf6 10. Qd2 f4 11. Bf2 b6 12. O-O-O Bh6 13. Kb1 Bd7 14. Be1 a5 15. a4
Qe7 16. g4 Bg7 17. h4 h6 18. Bf2 Nh7 19. Nb5 Bxb5 20. cxb5 Nf8 21. Rc1 Ra7 22.
Rc6 Nd7 23. Qc3 Nb8 24. Rc4 O-O 25. g5 h5 26. Bf1 Qd8 27. Bh3 Nd7 28. Rc1 Nc5
29. Bxc5 bxc5 30. Qd2 Kh7 31. R4c3 Qe7 32. Rb3 Rb8 33. b6 Rxb6 34. Rxb6 cxb6
35. Qd3 Qe8 36. b3 b5 37. Qxb5 Qxb5 38. axb5 Rb7 39. Bf1 Bf8 1/2-1/2

[Event "4NCL/Div3/WES2 vs. BRI2"]
[Site "Daventry ENG"]
[Date "2009.10.24"]
[Round "1.4"]
[White "May, Michael"]
[Black "Clark, Ian C"]
[Result "1/2-1/2"]
[WhiteElo "1898"]
[BlackElo "2072"]
[PlyCount "49"]
[EventDate "2009.10.24"]
[SourceDate "2009.10.24"]

1. e4 c5 2. Na3 Nc6 3. c3 e6 4. Nf3 a6 5. Nc2 d5 6. exd5 exd5 7. d4 Nf6 8. dxc5
Bxc5 9. Be3 Qe7 10. Be2 O-O 11. O-O Bg4 12. Bxc5 Qxc5 13. Nfd4 Bxe2 14. Qxe2
Rfe8 15. Qd1 Ne5 16. Ne3 Nc4 17. Nxc4 dxc4 18. Re1 Qg5 19. Qc1 Rxe1+ 20. Qxe1
Re8 21. Qc1 Qe5 22. Nf3 Qe2 23. Nd4 Qe4 24. Qd2 h6 25. Kf1 1/2-1/2

[Event "4NCL/Div3/WES2 vs. BRI2"]
[Site "Daventry ENG"]
[Date "2009.10.24"]
[Round "1.5"]
[White "Gregory, Keith DF"]
[Black "Richardt, Mike"]
[Result "1/2-1/2"]
[WhiteElo "2056"]
[BlackElo "1963"]
[PlyCount "44"]
[EventDate "2009.10.24"]
[SourceDate "2009.10.24"]

1. Nf3 c5 2. g3 d5 3. Bg2 Nc6 4. O-O e5 5. d3 Nf6 6. e4 dxe4 7. dxe4 Bg4 8.
Nbd2 Be7 9. c3 O-O 10. Qc2 b5 11. a4 a6 12. Re1 Nd7 13. Nf1 Nb6 14. Rd1 Qc7 15.
axb5 axb5 16. Rxa8 Rxa8 17. Ne3 Be6 18. Nd5 Qb7 19. Qe2 Nc4 20. Ne1 Ra2 21. Nd3
Bd6 22. f4 f6 1/2-1/2

[Event "4NCL/Div3/WES2 vs. BRI2"]
[Site "Daventry ENG"]
[Date "2009.10.24"]
[Round "1.6"]
[White "Bromilow, Edward T"]
[Black "Taylor-Bowd, Philip J"]
[Result "1/2-1/2"]
[WhiteElo "1922"]
[BlackElo "2043"]
[PlyCount "22"]
[EventDate "2009.10.24"]
[SourceDate "2009.10.24"]

1. d4 d6 2. e4 Nf6 3. Nc3 Nbd7 4. f4 e5 5. Nf3 exd4 6. Qxd4 c6 7. Bd2 Qb6 8.
Qxb6 Nxb6 9. Bd3 Be6 10. Nd4 Bd7 11. O-O-O O-O-O 1/2-1/2

[Event "4NCL/Div3/CAMB2 vs. NOTT1"]
[Site "Daventry ENG"]
[Date "2009.10.24"]
[Round "1.1"]
[White "Cooley, Oliver JN"]
[Black "Richmond, Robert J"]
[Result "0-1"]
[WhiteElo "2131"]
[BlackElo "2200"]
[PlyCount "88"]
[EventDate "2009.10.24"]
[SourceDate "2009.10.24"]

1. e4 e6 2. d4 d5 3. e5 c5 4. c3 Nc6 5. Nf3 Qb6 6. Be2 cxd4 7. cxd4 Nge7 8. Na3
Nf5 9. Nc2 Bd7 10. O-O Be7 11. b4 a5 12. b5 Nb4 13. Na3 h5 14. Bb2 Na6 15. bxa6
Qxb2 16. axb7 Rb8 17. Nc2 Qxb7 18. Rb1 Qa7 19. Qd2 O-O 20. Ng5 Ba4 21. Rxb8
Rxb8 22. h4 Bxg5 23. hxg5 Rb2 24. Rc1 Rxa2 25. Bxh5 g6 26. Bd1 Bxc2 27. Rxc2
Rxc2 28. Bxc2 Nxd4 29. Ba4 Qc5 30. Be8 Kf8 31. Bd7 Qb4 32. Qa2 Qe1+ 33. Kh2
Qxe5+ 34. g3 Qe1 35. Qb2 Qb4 36. Qc1 Nf3+ 37. Kg2 Ne5 38. Qc8+ Kg7 39. Be8 Qe4+
40. Kf1 Qh1+ 41. Ke2 Qf3+ 42. Kf1 d4 43. Qc7 Ng4 44. Qf4 Ne3+ 0-1

[Event "4NCL/Div3/CAMB2 vs. NOTT1"]
[Site "Daventry ENG"]
[Date "2009.10.24"]
[Round "1.2"]
[White "Walker, Andrew N"]
[Black "Lee, Richard WY"]
[Result "1-0"]
[WhiteElo "2087"]
[BlackElo "2058"]
[PlyCount "159"]
[EventDate "2009.10.24"]
[SourceDate "2009.10.24"]

1. e4 c5 2. Nc3 e6 3. g3 Nc6 4. Bg2 g6 5. d3 d6 6. Nge2 Bg7 7. O-O Nge7 8. Be3
Nd4 9. Qd2 O-O 10. Nd1 Rb8 11. c3 Nxe2+ 12. Qxe2 Nc6 13. f4 f5 14. e5 Qc7 15.
d4 dxe5 16. dxe5 b6 17. Nf2 Rd8 18. Rfd1 Bb7 19. Qc4 Kf7 20. b4 Bf8 21. a4 cxb4
22. cxb4 Bxb4 23. Rdc1 Rbc8 24. Ra2 Qe7 25. Nd3 Na5 26. Qb5 Rxc1+ 27. Nxc1 Bxg2
28. Kxg2 Qb7+ 29. Kh3 Be7 30. Qe2 h5 31. Nd3 Qa6 32. Ne1 Qxe2 33. Rxe2 Nc4 34.
Bc1 Rd1 35. Rc2 Rxe1 36. Rxc4 Bc5 37. Rc2 Ke8 38. Kh4 Re4 39. Kg5 Kf7 40. a5
Ra4 41. Bd2 Kg7 42. Kh4 Rd4 43. axb6 axb6 44. Be3 Rd5 45. Bxc5 Rxc5 46. Rb2 b5
47. Kg5 Rd5 48. Ra2 Rd7 49. Ra6 Kf7 50. Rb6 Rc7 51. Rxb5 Kg7 52. Rb6 Kf7 53.
Rb8 Kg7 54. Re8 Kf7 55. Rh8 Kg7 56. Rh6 Rc2 57. Rxg6+ Kf7 58. h4 Rg2 59. Kxh5
Rg1 60. g4 fxg4 61. Rxg4 Rf1 62. Kg5 Kg7 63. h5 Rh1 64. Rg2 Rh3 65. Ra2 Rg3+
66. Kh4 Rf3 67. Ra7+ Kh6 68. Rf7 Rf1 69. Rf6+ Kh7 70. Kg4 Rg1+ 71. Kf3 Rh1 72.
Rxe6 Rxh5 73. Rf6 Kg7 74. Ke4 Rh1 75. Kf5 Rf1 76. Rg6+ Kf7 77. e6+ Ke7 78. Rg7+
Kf8 79. Ra7 Rf2 80. Ke5 1-0

[Event "4NCL/Div3/CAMB2 vs. NOTT1"]
[Site "Daventry ENG"]
[Date "2009.10.24"]
[Round "1.3"]
[White "Gooding, Ian"]
[Black "Levens, David G"]
[Result "1-0"]
[WhiteElo "2013"]
[BlackElo "1986"]
[PlyCount "119"]
[EventDate "2009.10.24"]
[SourceDate "2009.10.24"]

1. e4 c5 2. Nf3 Nc6 3. d4 cxd4 4. Nxd4 d6 5. Nc3 Nf6 6. Bg5 e6 7. Qd2 Be7 8.
O-O-O Bd7 9. f4 h6 10. Bxf6 gxf6 11. Ndb5 Bc8 12. Nxd6+ Bxd6 13. Qxd6 Qxd6 14.
Rxd6 Ke7 15. Rd2 Bd7 16. Be2 a6 17. Rhd1 Rad8 18. Bh5 Nb8 19. g3 Rc8 20. e5 Bc6
21. exf6+ Kxf6 22. Re1 Rhd8 23. Ne4+ Bxe4 24. Rxe4 Rxd2 25. Kxd2 Rd8+ 26. Ke3
Nc6 27. Rc4 Ne7 28. Bf3 Nf5+ 29. Ke2 b5 30. Rc7 Nd4+ 31. Kf2 Nxf3 32. Kxf3 Rd2
33. h3 Rh2 34. Rc6 Ke7 35. b4 Kd7 36. Rxa6 Rxc2 37. Rb6 Rxa2 38. Rxb5 Rb2 39.
Rb7+ Ke8 40. b5 f5 41. b6 Rb3+ 42. Kf2 Kd8 43. h4 h5 44. Rh7 Rxb6 45. Rxh5 Ke7
46. Rg5 Rb2+ 47. Kg1 Kd6 48. Rg6 Kd5 49. h5 Ke4 50. Rxe6+ Kf3 51. Rg6 Rb1+ 52.
Kh2 Rb2+ 53. Kh3 Rb1 54. Kh4 Rh1+ 55. Kg5 Kxg3 56. Kxf5+ Kf3 57. Kg5 Rg1+ 58.
Kh6 Rh1 59. f5 Ke4 60. f6 1-0

[Event "4NCL/Div3/CAMB2 vs. NOTT1"]
[Site "Daventry ENG"]
[Date "2009.10.24"]
[Round "1.4"]
[White "Truman, Richard G"]
[Black "Chia, Ernest PE"]
[Result "0-1"]
[WhiteElo "2015"]
[BlackElo "2010"]
[PlyCount "96"]
[EventDate "2009.10.24"]
[SourceDate "2009.10.24"]

1. e4 c5 2. Nf3 d6 3. d4 cxd4 4. Nxd4 Nf6 5. Nc3 a6 6. Bg5 e6 7. f4 Be7 8. Qf3
Qc7 9. O-O-O Nbd7 10. g4 b5 11. Bxf6 gxf6 12. f5 Ne5 13. Qh3 O-O 14. Rg1 Bd7
15. Qh6 Kh8 16. g5 Rg8 17. Rg3 Rxg5 18. Rxg5 fxg5 19. f6 Bf8 20. Qxg5 Qc5 21.
h4 Ng6 22. Bg2 Rc8 23. Nb3 Qf2 24. h5 Qf4+ 25. Qxf4 Nxf4 26. Bf3 b4 27. Ne2 Bh6
28. Kb1 Bb5 29. Ned4 Bc4 30. Na5 d5 31. Ndc6 dxe4 32. Bxe4 Bd5 33. Ne7 Rd8 34.
Re1 Bxe4 35. Rxe4 Nxh5 36. Rxb4 Nxf6 37. Rb7 Bf4 38. Nec6 Kg7 39. Nc4 h5 40.
N4e5 Rf8 41. Nf3 Bg3 42. Ng1 h4 43. Nh3 Nd5 44. Nd4 Kg6 45. Rb3 Nf4 46. Nxf4+
Bxf4 47. Ne2 Bc7 48. Ng1 Rd8 0-1

[Event "4NCL/Div3/CAMB2 vs. NOTT1"]
[Site "Daventry ENG"]
[Date "2009.10.24"]
[Round "1.5"]
[White "Kreuzer, Christopher RL"]
[Black "Webster, Richard J"]
[Result "1/2-1/2"]
[WhiteElo "1907"]
[BlackElo "1969"]
[PlyCount "97"]
[EventDate "2009.10.24"]
[SourceDate "2009.10.24"]

1. e4 e6 2. d4 d5 3. exd5 exd5 4. c4 Nf6 5. Nc3 Be7 6. Nf3 O-O 7. Bd3 Nbd7 8.
O-O dxc4 9. Bxc4 Nb6 10. Bb3 c6 11. Qd3 Nfd5 12. Ne5 g6 13. Bh6 Re8 14. Qf3 Be6
15. Ne4 Bf8 16. Bxf8 Rxf8 17. Nc5 Bc8 18. Rfe1 Qf6 19. Qg3 Qf4 20. Qxf4 Nxf4
21. Re4 Nfd5 22. a4 a5 23. Nc4 Nxc4 24. Bxc4 b6 25. Nb3 Be6 26. Rae1 Kg7 27.
Bxd5 Bxd5 28. R4e3 Rfd8 29. Na1 Rd7 30. f3 Rad8 31. Nc2 Be6 32. Kf2 Rc8 33. Rc3
Bf5 34. Rc1 Bxc2 35. R1xc2 Rxd4 36. Rb3 Rb4 37. Rxb4 axb4 38. Rc4 c5 39. Ke2 f5
40. Kd2 Kf6 41. Kc2 Ke5 42. Kb3 Kd5 43. Rc2 Re8 44. Rd2+ Kc6 45. Kc4 Ra8 46.
Re2 Rxa4 47. Re6+ Kc7 48. Re7+ Kc6 49. Re6+ 1/2-1/2

[Event "4NCL/Div3/CAMB2 vs. NOTT1"]
[Site "Daventry ENG"]
[Date "2009.10.24"]
[Round "1.6"]
[White "Nabbs, Terence"]
[Black "Lim, Mark"]
[Result "1-0"]
[WhiteElo "1954"]
[BlackElo "1885"]
[PlyCount "107"]
[EventDate "2009.10.24"]
[SourceDate "2009.10.24"]

1. e4 e6 2. d4 d5 3. exd5 exd5 4. c4 Bb4+ 5. Nc3 Ne7 6. Bd3 dxc4 7. Bxc4 c6 8.
Nge2 Bg4 9. f3 Bh5 10. O-O O-O 11. Nf4 Bg6 12. Nxg6 Nxg6 13. Be3 Nd7 14. Qb3
Bxc3 15. bxc3 Nb6 16. Bd3 Re8 17. Rfe1 Nd5 18. Bf2 Qd7 19. g3 Rab8 20. c4 Nf6
21. Rab1 b6 22. Rbd1 Nf8 23. Be4 Nxe4 24. Rxe4 Ne6 25. Rde1 Ng5 26. Rxe8+ Rxe8
27. Rxe8+ Qxe8 28. Kg2 h6 29. Qe3 Qd7 30. g4 Ne6 31. Qe5 f6 32. Qf5 Nf8 33.
Qxd7 Nxd7 34. f4 Kf7 35. Kf3 g6 36. Ke4 Ke6 37. f5+ gxf5+ 38. gxf5+ Ke7 39. d5
Ne5 40. Bg3 cxd5+ 41. Kxd5 Nd7 42. Bd6+ Kf7 43. a4 h5 44. Kc6 Ne5+ 45. Bxe5
fxe5 46. Kd5 Kf6 47. Ke4 a6 48. a5 bxa5 49. c5 a4 50. c6 a3 51. c7 a2 52. c8=Q
a1=Q 53. Qf8+ Kg5 54. Qg7+ 1-0